000 01684cam a2200349 4500500
005 20251228073440.0
041 _afre
042 _adc
100 1 0 _aVandermeersch, Léon
_eauthor
245 0 0 _aL'écriture folle, facette chinoise de l'extase lettrée
260 _c2007.
500 _a18
520 _aRésuméL’écriture folle est un style de calligraphie chinoise cursive - le kuangcao - créé par le taoïste Zhang Xu (695-759) et le moine zen Huaisu (725-785). Sa particularité est de se pratiquer seulement pendant l’extase de l’ivresse alcoolique. Cette sorte de calligraphie est typique de la culture artistique zen, issue de la rencontre de la philosophie taoïste de Zhuang zi et de la philosophie bouddhiste de Bodhidharma.
520 _aThe wild cursive script is a kind of Chinese calligraphy created by the Taoist Zhang Xu (695-759) and the Zen monk Huaisu (725-785). Its peculiarity is that it is performed only when the artist is drunk. It is representative of the Zen Art, developed from the conjunction of Zhuang zi’s Taoist philosophy and Bodhidharma’s buddhist philosophy.
690 _acalligraphie
690 _acursive folle
690 _aextase
690 _aHuaisu
690 _aKuangcao
690 _ataoïsme
690 _azen
690 _aZhuang Xu
690 _aecstasy
690 _aHuaisu
690 _aKuangcao
690 _aTaoism
690 _awild cursive script
690 _azen
690 _aZhang Xu
786 0 _nSavoirs et clinique | 8 | 1 | 2007-10-18 | p. 195-199 | 1634-3298
856 4 1 _uhttps://shs.cairn.info/revue-savoirs-et-cliniques-2007-1-page-195?lang=fr&redirect-ssocas=7080
999 _c1595232
_d1595232